[Event "Roncana op-C 12th"]
[Site "Santa Eulalia de Roncana"]
[Date "2018.11.17"]
[Round "7"]
[White "Navarro Lopez, Marc"]
[Black "Abelenda Nunez, Biel"]
[Result "0-1"]
[WhiteElo "1295"]
[BlackElo "1389"]
[PlyCount "64"]
[EventDate "2018.09.29"]
[EventType "swiss"]
[EventRounds "8"]
[EventCountry "ESP"]
[SourceTitle "EXT 2022"]
[Source "ChessBase"]
[SourceDate "2021.10.06"]
[SourceVersion "1"]
[SourceVersionDate "2021.10.06"]
[SourceQuality "1"]

1. e4 e5 2. Nf3 Nc6 3. Nc3 Nf6 4. Bc4 h6 5. 0-0 Bc5 6. d3 0-0 7. h3 d6 8. Nh2 Bd7 9. Kh1 Qc8 10. Qf3 Nd4 11. Qg3 Qd8 12. Bxh6 Nh5 13. Qg5 Qxg5 14. Bxg5 Nxc2 15. Rac1 Nd4 16. Be3 Ne6 17. Bd2 Nhf4 18. Bxf4 Nxf4 19. g3 Nxh3 20. Kg2 g6 21. Rh1 Kg7 22. Nd5 Nxf2 23. Rhf1 Bh3+ 24. Kg1 Nxd3+ 25. Kh1 Nxc1 26. Rxc1 f5 27. Nxc7 Rab8 28. Ne6+ Kf6 29. Nxf8 Rxf8 30. a3 Bb6 31. Nf3 Rh8 32. Nd2 Bf1# 0-1